Loading...
| Literature - European | 0 | 4 | 0 | 1 | 40 | 67 | 98.00 | 0 | 0 | 0.00 | 0.00 |
| History - American | 0 | 3 | 0 | 0 | 30 | 60 | 71.33 | 1 | 3 | 0.00 | 0.00 |
| Mythology | 0 | 3 | 0 | 0 | 30 | 86 | 101.67 | 0 | 0 | 0.00 | 0.00 |
| Popular Culture | 0 | 2 | 0 | 0 | 20 | 29 | 40.00 | 1 | 1 | 0.00 | 0.00 |
| History - European | 0 | 2 | 0 | 0 | 20 | 77 | 82.00 | 0 | 0 | 0.00 | 0.00 |
| Philosophy | 0 | 2 | 1 | 0 | 15 | 90 | 99.50 | 0 | 1 | 0.00 | 0.00 |
| Fine Arts - Other | 0 | 2 | 1 | 0 | 15 | 76 | 90.50 | 0 | 0 | 0.00 | 0.00 |
| Fine Arts - Classical Music | 0 | 1 | 0 | 0 | 10 | 99 | 99.00 | 0 | 1 | 0.00 | 0.00 |
| History - World | 0 | 1 | 0 | 0 | 10 | 68 | 68.00 | 0 | 0 | 0.00 | 0.00 |
| Literature - American | 0 | 1 | 0 | 0 | 10 | 117 | 117.00 | 0 | 0 | 0.00 | 0.00 |
| Literature - British | 0 | 1 | 0 | 0 | 10 | 60 | 60.00 | 0 | 1 | 0.00 | 0.00 |
| Religion | 0 | 1 | 0 | 0 | 10 | 84 | 84.00 | 0 | 0 | 0.00 | 0.00 |
| Science - Biology | 0 | 1 | 0 | 0 | 10 | 73 | 73.00 | 0 | 0 | 0.00 | 0.00 |
| History - Other | 0 | 1 | 1 | 0 | 5 | 91 | 91.00 | 0 | 0 | 0.00 | 0.00 |
| Science - Chemistry | 0 | 0 | 0 | 0 | 0 | 0.00 | 0 | 0 | 0.00 | 0.00 | |
| Geography | 0 | 0 | 1 | 0 | -5 | 0.00 | 0 | 0 | 0.00 | 0.00 |